| 000 | 00436nam a22001577a 4500 | ||
|---|---|---|---|
| 999 |
_c8963 _d8963 |
||
| 003 | OSt | ||
| 008 | 200714b ||||| |||| 00| 0 eng d | ||
| 020 | _a978-93-88756-20-4 | ||
| 100 | _a Khare, Ekta | ||
| 245 | _aPractical Manual of Pharmaceutical Organic Chemistry – I | ||
| 250 | _a1st | ||
| 260 |
_aAgra _bR. Narain Publishers & Distributors _c2019 |
||
| 300 | _a56 | ||
| 650 | _aPharmaceutical Organic Chemistry | ||
| 942 |
_2ddc _cBK |
||